Voyage pittoresque dans les deux Ameriques, (Record no. 7157)

MARC details
000 -CABECERA
campo de control de longitud fija 01018nam a2200265 a 4500
001 - NÚMERO DE CONTROL
campo de control BRCA_7482
005 - FECHA Y HORA DE LA ÚLTIMA TRANSACCIÓN
campo de control 20190320205843.0
008 - DATOS DE LONGITUD FIJA--INFORMACIÓN GENERAL
campo de control de longitud fija 250413s1836----fr-abc####---#000-0#fre-#
041 ## - CÓDIGO DE LENGUA
Código de lengua del texto/banda sonora o título independiente fre
044 ## - CÓDIGO DEL PAÍS DE LA ENTIDAD EDITORA/PRODUCTORA
Código MARC del país fr
050 #4 - SIGNATURA TOPOGRÁFICA DE LA BIBLIOTECA DEL CONGRESO
Número de clasificación Q115
Número de documento/Ítem .V69 1836
245 10 - MENCIÓN DE TÍTULO
Título Voyage pittoresque dans les deux Ameriques,
Resto del título résumé général de tous les voyages
Mención de responsabilidad, etc. par les redacteurs du voyage pittoresque autour du monde ; publie sous la direction de Alcide D´Orbigny ; gravures de MM. de Sainson et Jules Boilly.
260 ## - PUBLICACIÓN, DISTRIBUCIÓN, ETC.
Lugar de publicación, distribución, etc. París
Nombre del editor, distribuidor, etc. L. Tenré
Fecha de publicación, distribución, etc. 1836
300 ## - DESCRIPCIÓN FÍSICA
Extensión xvi, 568 p.
Otras características físicas il., 67 láminas, mapas, retratos
Dimensiones 28 cm.
500 ## - NOTA GENERAL
Nota general Incluye índice analítico
500 ## - NOTA GENERAL
Nota general R10
650 14 - PUNTO DE ACCESO ADICIONAL DE MATERIA--TÉRMINO DE MATERIA
Término de materia o nombre geográfico como elemento de entrada Expediciones científicas
Subdivisión geográfica América del Sur
9 (RLIN) 18418
650 14 - PUNTO DE ACCESO ADICIONAL DE MATERIA--TÉRMINO DE MATERIA
Término de materia o nombre geográfico como elemento de entrada Viajes y travesías
9 (RLIN) 4701
651 #4 - PUNTO DE ACCESO ADICIONAL DE MATERIA--NOMBRE GEOGRÁFICO
Nombre geográfico América del Sur
Subdivisión general Descripción y viajes
9 (RLIN) 8178
700 1# - PUNTO DE ACCESO ADICIONAL--NOMBRE DE PERSONA
Nombre de persona D´Orbigny, Alcide Dessalines
Fechas asociadas al nombre 1802-1857
9 (RLIN) 18419
700 1# - PUNTO DE ACCESO ADICIONAL--NOMBRE DE PERSONA
Nombre de persona Sainson, MM. de
Término indicativo de función/relación il.
9 (RLIN) 18420
700 1# - PUNTO DE ACCESO ADICIONAL--NOMBRE DE PERSONA
Nombre de persona Boilly, Jules
Término indicativo de función/relación il.
9 (RLIN) 18421
902 ## - CATALOGADOR
Iniciales GFM
942 ## - ELEMENTOS DE PUNTO DE ACCESO ADICIONAL (KOHA)
Fuente del sistema de clasificación o colocación Library of Congress Classification
Tipo de ítem Koha Libros
Holdings
Estado de retiro Estado de pérdida Estado dañado No para préstamo Localización permanente Ubicación/localización actual Fecha de adquisición Número de inventario Total de préstamos Signatura topográfica completa Código de barras Fecha visto por última vez Precio válido a partir de Tipo de ítem Koha
El ejemplar forma parte de la colección y puede ser consultado según las políticas vigentes.       Biblioteca del Museo Franz Mayer (Rogerio Casas-Alatriste) Biblioteca del Museo Franz Mayer (Rogerio Casas-Alatriste) 25/04/2013 R10   Q115 .V69 1836 (R10) 8086 22/03/2019 22/03/2019 Libros